000 00267 a2200133 4500
001 47373
040 _cAnchieta - Aquarius
240 1 0 _aTem hífen?
_lpor
245 1 0 _aTem hífen?
300 _a96 p.
362 0 _a2008
650 4 _aLíngua portuguesa
942 _cBK
999 _c47373
_d47373